| 000 | 01143cam a22003377a 4500 | ||
|---|---|---|---|
| 003 | CHAP | ||
| 005 | 20220329135751.0 | ||
| 008 | 971013c19741964 r 00010 d | ||
| 010 | _a41768 | ||
| 011 | _a42740 | ||
| 035 | _a46869 | ||
| 040 | _cCHAP | ||
| 082 |
_a572 _bF6Y |
||
| 100 | 0 | 0 |
_aFoster, George McClelland. _942687 |
| 245 | 1 | 4 | _aLas culturas tradicionales y los cambios técnicos |
| 260 |
_aMéxico, D.F. : _bFondo de Cultura Económica, _c1974 (c.1964) |
||
| 300 | _a261 p. | ||
| 490 | 0 | _aSección de obras de antropología | |
| 500 | _aTrad. de la 2a ed. en inglés, 1983 | ||
| 590 |
_aBATCH-UPD _b10 _c20130110 _lUCH01 _h1614 |
||
| 590 |
_aBATCH-UPD _b10 _c20130410 _lUCH01 _h1009 |
||
| 590 |
_aBATCH-UPD _b10 _c20130914 _lUCH01 _h0823 |
||
| 590 |
_aCONVERSION _b10 _c20130109 _lUCH01 _h1323 |
||
| 650 | 1 | 4 |
_aAntropologia. _96133 |
| 650 | 1 | 4 |
_aCambio social. _917787 |
| 830 | 0 |
_aSección de obras de antropología _9103500 |
|
| 901 | _aBK | ||
| 942 | _cLIBRO | ||
| 949 |
_a572 F6Y _bBC _cLIBRO _d33724000766853 _eLIBRO _h40687 _i46869 _mD _si |
||
| 949 |
_a572 F6Y _bBC _cLIBRO _d33724000846689 _eLIBRO _fc.2 _gDonaciØn _h101503 _i46869 _sb |
||
| 999 |
_c41768 _d41768 |
||